Quiz sulla Libia - Statistics

Statistiche generali
  • Questo quiz è stato fatto 976 volte
  • Il punteggio medio è 14 su 21
Statistiche sulle risposte
Hint Risposta % Corretto
Capitale Tripoli
97%
Paese europeo che colonizzò la Libia dal 1912 al 1943 Italia
95%
Lingua ufficiale Arabo
94%
Egitto
94%
Deserto che attraversa il paese Sahara
94%
Paese confinanti Algeria
93%
Tunisia
93%
Sudan
90%
Ciad
86%
La Libia è il paese africano con più riserve comprovate di _______ Petrolio
81%
Dittatore della Libia dal 1969 al 2011 Mu'ammar Gheddafi
78%
Niger
78%
Serie di proteste che hanno potato alla caduta di questo dittatore P{rimavera} A{raba}
75%
Significato del nome della capitale in greco Tre città
48%
L'unica cosa che appariva sulla vecchia bandiera libica Il colore verde
46%
Moneta della Libia Dinaro libico
42%
Seconda città più popolosa Bengasi
39%
Parola che si riferisce alla parte vecchia di una città nei paesi del Nord Africa M{edina}
26%
La Libia è il secondo paese al mondo a riceverne meno Pioggia
26%
Volo bombardato dalla Libia su Lockerbie, in Scozia, nel 1988 Volo 103 {Pan-am}
16%
La Libia faceva parte di questa storica regione infestata dai pirati Costa {Berbera}
12%
Nessun quiz corrispondente trovato
Distribuzione punteggi
Percentuale di utenti per punteggio
Percentile per numero di risposta
I tuoi punteggi nel tempo
Non hai fatto questo quiz